Culture Générale - Série 315 - Statistiques

Statistiques générales
  • Ce quiz a été pris 277 fois
  • Le résultat moyen est 6 sur 10
Statistiques - réponses
Question Réponse % Correct
Sur quel continent se situe le désert libyen ? L'Afrique
97%
De quel département la ville de Quimper est-elle le chef-lieu ? Le Finistère
86%
Quel sport olympique consiste à faire glisser des pierres sur de la glace ? Le curling
82%
De quel département la ville de Nîmes est-elle le chef-lieu ? Le Gard
75%
Quel métal faut-il allier au zinc pour obtenir du laiton ? Le cuivre
72%
Quel animal est "passé par ici" dans une chanson enfantine ? Le furet
72%
Quel fut le premier nom du paquebot rebaptisé "Norway" puis "Blue Lady" ? Le France
60%
De quel département la ville d'Auch est-elle le chef-lieu ? Le Gers
50%
De quel sport le keirin est-il une épreuve olympique ? Le cyclisme
36%
En 1986, quel film est la suite de "A la poursuite du diamant vert" ? Le Diamant du Nil
8%
Aucun quiz correspondant
Distribution des résultats
% des personnes avec chaque résultat
Percentile par nombre de réponses
Votre historique - résultats
Vous n’avez pas pris ce quiz